00505nam a2200157Ia 4500008004000000082001700040100001800057245003700075260003900112300000800151650002400159690001500183906001100198999001700209952012100226210210b1957 xxu||||| |||| 00| 0 eng d a082.954 BRID aBRIGHT (J S). aDictionary of Indian quotations. aDelhi.bBright Publication.,c1957 a240 aIndian Quotations  aQuotations a030412 c81569d81569 001040708GeneralaALbALcGenerald2021-02-17g9.00l0o082.954 BRIDp030412r2021-02-17 00:00:00w2021-02-17yBK